| 000 | 00781nam a2200205Ia 4500 | ||
|---|---|---|---|
| 003 | OSt | ||
| 005 | 20250217141848.0 | ||
| 007 | ca aa aaaaa | ||
| 008 | 201103s9999 xx 000 0 und d | ||
| 040 | _cSSBUL | ||
| 041 | _abur | ||
| 082 |
_a၂၉၄.၃၄၃၅ _bနန်း |
||
| 100 | _a နန်းကြော့သျှင် | ||
| 245 | 1 | 0 |
_aစေတီပုထိုးများမှစကားပြောသောရုပ်တုများ / _c နန်းကြော့သျှင်။ |
| 260 |
_aရန်ကုန် ၊ _bမြစ်ခွဲကိုးစင်းစာပေ၊ _c၂၀၁၁။ |
||
| 300 |
_a၁၅၃ စာမျက်နှာ ၊ _c၂၁ စင်တီ။ |
||
| 942 |
_cBK1 _2ddc |
||
| 942 | _2ddc | ||
| 942 | _2ddc | ||
| 999 |
_c21550 _d21550 |
||